000 00873nam a2200301Ia 4500
001 57152
003 IT-RoPAU
008 130308s9999 xx 000 0 und d
040 _aIT-RoPAU
040 _cIT-RoPAU
041 _aITALIANO
100 _aCodeluppi Vanni
100 _gCodice Aut. SPICS: 20816
245 _aBaudrillard o la deriva della pubblicità-Introduzione
245 _bSogno della merce (Il)
250 _a1a ed.
260 _aMILANO
260 _bLupetti & Co.
260 _c1987 [1° Ed.:1987 - Ed.Ling.Originale:1987]
300 _a"18 p. (prefazione: no ; testo: 18 [pagine: 1-18])"
500 _aCortocircuito della Pubblicità Società della simulazione seduzione pubblicitaria Oscenita'
650 _aSAGGI DI PUBBLICITA'
650 _eCodice materia Spics: 6211
942 _cBK
957 _71
999 _c48680
_d48680
999 _bSI
999 _g1